000 01619nam a2200325 a 4500
008 180912s2007 ||||||||||||||||| || u
020 _a9781412907606
020 _a9781412907590 (hbk.)
020 _a1412907608 (pbk.)
020 _a1412907594 (hbk.)
050 _aHV 6250.3.G7 Vic
100 _aGreer, Chris
245 1 0 _aVictims, crime and society
_cedited by Pamela Davies, Peter Francis and Chris Greer.
260 _aLos Angeles:
_bSAGE Publications
_c2007
300 _a292 p. : ill. ; 25 cm.
350 _a53.94
500 _aIncludes bibliographical references and index.
650 0 _aCrime - Political aspects - Great Britain
650 0 _aCrime - Great Britain - Sociological aspects
650 0 _aVictims of crimes - Services for - Great Britain
650 0 _aVictims of crimes in mass media - Great Britain
650 0 _aVictims of crimes - Great Britain
700 _aDavies, Pamela
700 _aFrancis, Peter
856 _uhttp://www.loc.gov/catdir/enhancements/fy0814/2008295763-d.html
856 _uhttp://www.loc.gov/catdir/enhancements/fy0814/2008295763-t.html
995 _FCBU-MAIN LIBRARY (Kitwe)
_I53.94
_M1
_UAVAILABLE
_WSep 12, 2018
_ZAnnex Low-Usage Collection
995 _FCBU-MAIN LIBRARY (Kitwe)
_I53.94
_M3
_UAVAILABLE
_WSep 12, 2018
_ZAnnex Low-Usage Collection
995 _FCBU-MAIN LIBRARY (Kitwe)
_I53.94
_M2
_UAVAILABLE
_WSep 12, 2018
_ZAnnex Low-Usage Collection
999 _c78352
_d78352